| Tag |
First Indicator |
Second Indicator |
Subfields |
| LEADER |
00000cam a2200000 i 4500 |
| 001 |
in00005636613 |
| 006 |
m o d |
| 007 |
cr |n||||||||a |
| 008 |
070616s2002 vau o 000 0 eng d |
| 005 |
20250331202306.8 |
| 035 |
|
|
|a (OCoLC)ocn593445408
|
| 040 |
|
|
|a ALSTP
|b eng
|e pn
|c ALSTP
|d COO
|d OCLCQ
|d OCLCF
|d RRP
|d OCLCO
|d BLKDR
|d CUS
|d UWW
|d OCLCO
|d OCLCQ
|d OCLCO
|d OCLCQ
|d UPM
|d WYU
|d TKN
|d OCLCA
|d UAB
|d OCLCO
|d OCLCQ
|
| 019 |
|
|
|a 52340548
|a 261270253
|a 593445410
|
| 035 |
|
|
|a (OCoLC)593445408
|z (OCoLC)52340548
|z (OCoLC)261270253
|z (OCoLC)593445410
|
| 050 |
|
4 |
|a PR9372.9.B87
|b B883 2002
|
| 049 |
|
|
|a TXAM
|
| 100 |
1 |
|
|a Butake, Bole.
|
| 245 |
1 |
0 |
|a And palm-wine will flow /
|c by Bole Butake.
|
| 250 |
|
|
|a [1st electronic ed.].
|
| 260 |
|
|
|a Alexandria, VA :
|b Alexander Street Press,
|c 2002.
|
| 300 |
|
|
|a 1 online resource
|
| 336 |
|
|
|a text
|b txt
|2 rdacontent
|
| 337 |
|
|
|a computer
|b c
|2 rdamedia
|
| 338 |
|
|
|a online resource
|b cr
|2 rdacarrier
|
| 650 |
|
0 |
|a Cameroonian drama (English)
|
| 650 |
|
7 |
|a Cameroonian drama (English)
|2 fast
|0 (OCoLC)fst01738403
|
| 655 |
|
7 |
|a Electronic books.
|2 local
|
| 655 |
|
0 |
|a African drama.
|
| 655 |
|
4 |
|a Online resources.
|
| 655 |
|
7 |
|a Drama.
|2 fast
|0 (OCoLC)fst01423879
|
| 655 |
|
7 |
|a Drama.
|2 lcgft
|
| 655 |
|
7 |
|a Théâtre.
|2 rvmgf
|
| 710 |
2 |
|
|a Alexander Street (Firm)
|
| 830 |
|
0 |
|a Black drama.
|
| 856 |
4 |
0 |
|u http://proxy.library.tamu.edu/login?url=https://www.aspresolver.com/aspresolver.asp?BLDR;PL005431
|z Connect to the full text of this electronic book
|t 0
|
| 936 |
|
|
|a BATCHLOAD
|
| 955 |
|
|
|a Alexander Street - Black Drama 3rd Edition
|
| 994 |
|
|
|a 92
|b TXA
|
| 999 |
f |
f |
|s e3253ff4-50c1-416e-8120-96c8f53b50fc
|i 8087206c-4e5e-41eb-a37b-fc6b2250d1ca
|t 0
|
| 952 |
f |
f |
|a Texas A&M University
|b College Station
|c Electronic Resources
|d Available Online
|t 0
|e PR9372.9.B87 B883 2002
|h Library of Congress classification
|
| 998 |
f |
f |
|a PR9372.9.B87 B883 2002
|t 0
|l Available Online
|